Full Impact (Record no. 34826)

MARC details
000 -LEADER
fixed length control field 02836nam a22004097a 4500
003 - CONTROL NUMBER IDENTIFIER
control field dpl
005 - DATE AND TIME OF LATEST TRANSACTION
control field 20100322150230.0
007 - PHYSICAL DESCRIPTION FIXED FIELD--GENERAL INFORMATION
fixed length control field DVD
008 - FIXED-LENGTH DATA ELEMENTS--GENERAL INFORMATION
fixed length control field 050907s2005 cau105 g 00| 0 eng d
010 ## - LIBRARY OF CONGRESS CONTROL NUMBER
LC control number DVD-007175-7183
024 ## - OTHER STANDARD IDENTIFIER
Terms of availability 69.00
035 ## - SYSTEM CONTROL NUMBER
System control number DVD-007175-7183
040 ## - CATALOGING SOURCE
Original cataloging agency DPL
Transcribing agency DPL
092 ## - LOCALLY ASSIGNED DEWEY CALL NUMBER (OCLC)
Classification number DVD FULL
245 ## - TITLE STATEMENT
Title Full Impact
Medium [videorecording] DVD /
Statement of responsibility, etc Diskovery Video & laser Co. Pvt. Ltd. Presents
260 ## - PUBLICATION, DISTRIBUTION, ETC. (IMPRINT)
Name of publisher, distributor, etc Diskovery Video
300 ## - PHYSICAL DESCRIPTION
Extent 2 videocassette (VCD);
Other physical details sd., col. ;
Dimensions 4-3/4 in.
Type of unit VCD
440 ## - SERIES STATEMENT/ADDED ENTRY--TITLE
Title Diskovery Video
538 ## - SYSTEM DETAILS NOTE
System details note Dolby digital 5.1, English
538 ## - SYSTEM DETAILS NOTE
System details note This is a Videio CD with digital audio, full Motion video and Play Back Controls Suitable for Video CD, LD, DVD Player and Multimedia PCs with MPEG card.
650 ## - SUBJECT ADDED ENTRY--TOPICAL TERM
Topical term or geographic name as entry element Motion Picture
700 ## - ADDED ENTRY--PERSONAL NAME
Personal name Daniels, Gary
700 ## - ADDED ENTRY--PERSONAL NAME
Personal name Kei, Rod
700 ## - ADDED ENTRY--PERSONAL NAME
Personal name Casillas, Graciella
700 ## - ADDED ENTRY--PERSONAL NAME
Personal name Hue, David
942 ## - ADDED ENTRY ELEMENTS (KOHA)
Koha item type CD-ROMs, DVDs, VHS
Source of classification or shelving scheme Dewey Decimal Classification
Classification part DVD
Call number suffix FULL
Holdings
Withdrawn status Lost status Source of classification or shelving scheme Damaged status Not for loan Home library Current library Date acquired Source of acquisition Cost, normal purchase price Total Checkouts Total Renewals Full call number Barcode Date last seen Date checked out Copy number Cost, replacement price Price effective from Koha item type
    Dewey Decimal Classification     Central Library Central Library 22/03/2010 Pioneers/1111/30-12-09/325/13-10-09 /30-12-09 69.00 6 1 DVD FULL DVD-007175 11/01/2014 04/01/2014 1 69.00 22/03/2010 CD-ROMs, DVDs, VHS
    Dewey Decimal Classification     Janak Puri Janak Puri 22/03/2010 Pioneers/1111/30-12-09/325/13-10-09 /30-12-09 69.00 10   DVD FULL DVD-007177 27/09/2013 23/09/2013 1 69.00 22/03/2010 CD-ROMs, DVDs, VHS
    Dewey Decimal Classification     Karol Bagh Karol Bagh 22/03/2010 Pioneers/1111/30-12-09/325/13-10-09 /30-12-09 69.00 9   DVD FULL DVD-007181 22/10/2013 18/10/2013 1 69.00 22/03/2010 CD-ROMs, DVDs, VHS
    Dewey Decimal Classification     Narela Narela 22/03/2010 Pioneers/1111/30-12-09/325/13-10-09 /30-12-09 69.00     DVD FULL DVD-007182 22/03/2010   1 69.00 22/03/2010 CD-ROMs, DVDs, VHS
    Dewey Decimal Classification     Patel Nagar Patel Nagar 22/03/2010 Pioneers/1111/30-12-09/325/13-10-09 /30-12-09 69.00 6   DVD FULL DVD-007176 28/03/2011 14/03/2011 1 69.00 22/03/2010 CD-ROMs, DVDs, VHS
    Dewey Decimal Classification     R.K.Puram-8 R.K.Puram-8 22/03/2010 Pioneers/1111/30-12-09/325/13-10-09 /30-12-09 69.00 2   DVD FULL DVD-007179 16/01/2012 12/01/2012 1 69.00 22/03/2010 CD-ROMs, DVDs, VHS
    Dewey Decimal Classification     Sarojini Nagar Sarojini Nagar 22/03/2010 Pioneers/1111/30-12-09/325/13-10-09 /30-12-09 69.00 8   DVD FULL DVD-007178 01/09/2012 21/08/2012 1 69.00 22/03/2010 CD-ROMs, DVDs, VHS
    Dewey Decimal Classification     Shahdara Branch Shahdara Branch 22/03/2010 Pioneers/1111/30-12-09/325/13-10-09 /30-12-09 69.00     DVD FULL DVD-007183 22/03/2010   1 69.00 22/03/2010 CD-ROMs, DVDs, VHS
    Dewey Decimal Classification     Vinoba Puri Vinoba Puri 22/03/2010 Pioneers/1111/30-12-09/325/13-10-09 /30-12-09 69.00 6   DVD FULL DVD-007180 28/11/2013 16/11/2013 1 69.00 22/03/2010 CD-ROMs, DVDs, VHS

© Delhi Public Library
Hit Counter
free hit counter